Statistics for Red Or Blue From The 2020 Election Pt.1

Click here to take the quiz!

General Stats

  • This quiz has been taken 20 times
  • The average score is 14 of 14

Answer Stats

QuestionAnswer% Correct
DelawareBlue state
100%
ConnecticutBlue state
100%
HawaiiBlue state
100%
CaliforniaBlue state
100%
FloridaRed state
100%
IndianaRed state
100%
IdahoRed state
100%
AlaskaRed state
100%
ArkansasRed state
100%
AlabamaRed state
100%
IllinoisBlue state
94%
ColoradoBlue state
94%
ArizonaBlue state
89%
GeorgiaBlue state
83%

Score Distribution

Percentile by Number Answered

Percent of People with Each Score

Your Score History

You have not taken this quiz